000 00636cam a22002052 4500
001 0000003817
005 20170406115328.0
008 140715s xx 000 0 eng d
020 _c$
040 _aYour Holding Symbol
_cYour Holding Symbol
100 1 _aWatt Ian.
245 1 4 _aThe Rise of the Novel :
_bstudies in defoe, richardson and fielding /
_cIan Watt.
250 _a ed.
260 _aBerkeley and Los Angels :
_bUniversity of Carlifornia Press,
_c1967.
300 _a319 p. ;
_c cm.
504 _aIncludes Index.
591 _a2005
_bDonation
_cArupe
650 0 _aEnglish Literature.
908 _a140715
999 _c3670
_d3670